000 00823nam a2200253 i 4500
001 18141
003 ES-MaACL
005 20230906151751.0
007 t|
008 010813s2000 sp ||||0| spa
020 _a84-7799-962-7
080 _a929-055.2:5/6(460)"19"
100 1 _aSantesmases, María Jesús.
_9103366
245 1 0 _aMujeres científicas en España (1940-1970)
_b: profesionalización y modernización social /
_cMaría Jesús Santesmases.
260 _aMadrid :
_bInstituto de la Mujer,
_c2000.
300 _a177 p ;
_c24 cm.
490 1 _aEstudios ;
_v67
504 _aBibliografía: p. 166-177.
650 1 4 _aCientíficas-
_zEspaña-
_yS.XX.
_911001
710 2 _aInstituto de la Mujer (España)
_94980
830 1 _aEstudios ;
_v67
_9177349
852 _aES-MaACL
_jL-24872
999 _c18141
_d18141